[Event "Tom Weston Major op"]
[Site "Cardiff"]
[Date "2009.04.12"]
[Round "4"]
[White "Elworthy, William"]
[Black "Francis, Matthew"]
[Result "1/2-1/2"]
[WhiteElo "1677"]
[BlackElo "1602"]
[PlyCount "41"]
[EventDate "2009.04.10"]
[EventType "swiss"]
[EventRounds "7"]
[EventCountry "WLS"]
[SourceTitle "EXT 2011"]
[Source "ChessBase"]
[SourceDate "2010.11.26"]
[SourceVersion "1"]
[SourceVersionDate "2010.11.26"]
[SourceQuality "1"]

1. e4 c5 2. Nc3 a6 3. f4 b5 4. Nf3 Bb7 5. d3 e6 6. Be2 b4 7. Nb1 d5 8. e5 Nc6 9. 0-0 Nh6 10. a3 Nf5 11. Kh1 Qb6 12. Qe1 Ncd4 13. Bd1 h5 14. Nh4 Be7 15. Nxf5 Nxf5 16. Bf3 h4 17. Be3 h3 18. g3 Kd7 19. b3 f6 20. axb4 Nxe3 21. Qxe3 1/2-1/2